| 000 | 01238cam a22003254a 4500 | ||
|---|---|---|---|
| 001 | 14240534 | ||
| 005 | 20250221173546.0 | ||
| 008 | 060125s2007 nyua b 001 0 eng | ||
| 020 | _a0071448314 (alk. paper) | ||
| 020 | _a9780071448314 (alk. paper) | ||
| 020 | _z9780071448314 (alk. paper) | ||
| 050 | 0 | 0 |
_aRD551 _b.S545 2007 |
| 082 | 0 | 0 |
_a617.5/8044 _222 |
| 100 | 1 |
_aSimon, Robert R. _q(Robert Rutha) |
|
| 245 | 1 | 0 |
_aEmergency orthopedics : _bthe extremities / _cRobert R. Simon, Scott C. Sherman, Steven J. Koenigsknecht ; with illustrations by Susan Gilbert. |
| 250 | _a5th ed. | ||
| 260 |
_aNew York : _bMcGraw-Hill, Medical Pub. Division, _cc2007. |
||
| 300 |
_axxxvi, 556 p. : _bill. ; _c29 cm. |
||
| 650 | 0 |
_aExtremities (Anatomy) _xFractures. |
|
| 650 | 0 |
_aExtremities (Anatomy) _xDislocations. |
|
| 650 | 0 | _aOrthopedic emergencies. | |
| 650 | 1 | 2 |
_aExtremities _xinjuries. |
| 650 | 2 | 2 |
_aEmergency Medicine _xmethods. |
| 650 | 2 | 2 |
_aOrthopedics _xmethods. |
| 650 | 2 | 2 |
_aWounds and Injuries _xtherapy. |
| 700 | 1 | _aSherman, Scott C. | |
| 700 | 1 | _aKoenigsknecht, Steven J. | |
| 856 | 4 | 2 |
_3Contributor biographical information _uhttp://www.loc.gov/catdir/enhancements/fy0739/2006041988-b.html |
| 942 |
_2lcc _cBK _e5th ed. _n0 |
||
| 999 |
_c4050 _d4050 |
||